| 000 | 00000cam 2200000zi 4500 |
| 001 | 9.945836 |
| 003 | CaOODSP |
| 005 | 20260407143846 |
| 006 | m o d f |
| 007 | cr cn||||||||| |
| 008 | 241203s2025 onca o f000 0 fre d |
| 020 | |a9780660747576 |
| 040 | |aCaOODSP|bfre|erda|cCaOODSP |
| 043 | |an-cn--- |
| 086 | 1 |aH14-646/2025F-PDF |
| 245 | 03|aLa consommation de cannabis vient avec des hauts et des bas. |
| 264 | 1|a[Ottawa] : |b[Santé Canada = Health Canada], |c[2025] |
| 300 | |a1 ressource en ligne (1 page non numérotée) : |billustrations |
| 336 | |atexte|btxt|2rdacontent/fre |
| 337 | |ainformatique|bc|2rdamedia/fre |
| 338 | |aressource en ligne|bcr|2rdacarrier/fre |
| 500 | |aTitre de départ. |
| 500 | |aPublié aussi en anglais sous le titre : Getting high can leave you feeling low. |
| 520 | |a« Certaines personnes consomment du cannabis pour se détendre ou pour faire face à certaines situations. Mais ça peut en fait aggraver les choses. Une utilisation quotidienne ou quasi quotidienne peut accroître les symptômes d’anxiété ou de dépression, et peut nuire à la mémoire et à la capacité d’attention » -- Page [1]. |
| 650 | 6|aCannabis|xAspect sanitaire|zCanada. |
| 650 | 6|aMarijuana|xAbus|zCanada|xPreĢvention. |
| 710 | 1 |aCanada. |bSanté Canada, |eorganisme de publication. |
| 775 | 08|tGetting high can leave you feeling low.|w(CaOODSP)9.945835 |
| 776 | 0#|tLa consommation de cannabis vient avec des hauts et des bas.|w(CaOODSP)9.945838 |
| 856 | 40|qPDF|s1.33 Mo|uhttps://publications.gc.ca/collections/collection_2025/sc-hc/H14-646-2025-fra.pdf |
| 856 | 4 |qHTML|sS.O.|uhttps://www.canada.ca/fr/sante-canada/services/publications/medicaments-et-produits-sante/affiche-consommation-cannabis-vient-avec-hauts-bas.html |
| 986 | |a240678 |